logo

Bir Sreshtho Munshi Abdur Rouf Library
Jhenaidah Cadet College

ডাঃ জাকির নায়েক লেকচার সমগ্র / (Record no. 6391)

MARC details
000 -LEADER
fixed length control field 00776nam a2200217 a 4500
001 - CONTROL NUMBER
JCCL Control Number 6391
003 - CONTROL NUMBER IDENTIFIER
JCCL marc code BD-JhCC
005 - DATE AND TIME OF LATEST TRANSACTION
control field 20211111134021.0
008 - FIXED-LENGTH DATA ELEMENTS--GENERAL INFORMATION
fixed length control field 180122s2009 bg |||| |||| 000 0 ben d
035 ## - SYSTEM CONTROL NUMBER
system control number (BD-JhCC)
040 ## - CATALOGING SOURCE
Original cataloging agency BD-JhCC
Modifying agency BD-JhCC
041 ## - LANGUAGE CODE
Language code of Book ben
082 ## - DEWEY DECIMAL CLASSIFICATION NUMBER
Classification number 297
Author mark and Year NAY 2009
100 ## - MAIN ENTRY--PERSONAL NAME
Personal name নায়েক, ড. জাকির
245 ## - TITLE STATEMENT
Title ডাঃ জাকির নায়েক লেকচার সমগ্র /
Statement of responsibility, etc ড. জাকির নায়েক; মোঃ রফিকুল ইসলাম
260 ## - PUBLICATION, DISTRIBUTION, ETC. (IMPRINT)
Place of publication, distribution, etc ঢাকা:
Name of publisher, distributor, etc পিস পাবলিকেশন;
Date of publication, distribution, etc ২০০৯
300 ## - PHYSICAL DESCRIPTION
Pagination ৬৭২ পৃ;,
Dimensions ২২ সেমি
650 ## - SUBJECT ADDED ENTRY--TOPICAL TERM
Topical term or geographic name as entry element Islam
700 ## - ADDED ENTRY--PERSONAL NAME
Personal name ইসলাম, মোঃ রফিকুল
942 ## - ADDED ENTRY ELEMENTS (KOHA)
Source of classification or shelving scheme Dewey Decimal Classification
Koha item type Books
Koha issues (borrowed), all copies 23
Holdings
Source of classification or shelving scheme volume number Damaged status Not for loan Home library Current library Shelving location Date of accession Cost, normal purchase price Total Checkouts Full call number Barcode Date last seen Date checked out Copy number Koha item type Method of acquisition Currency
Dewey Decimal Classification V-2     JCC Rouf Library JCC Rouf Library General Stacks 01/22/2018 400.00 4 297 NAY 2009 582 03/30/2022 02/24/2022 C-1 Books    
Dewey Decimal Classification V-3     JCC Rouf Library JCC Rouf Library General Stacks 01/22/2018 400.00 7 297 NAY 2009 1143 02/20/2025 02/13/2025 C-1 Books    
Dewey Decimal Classification V-4     JCC Rouf Library JCC Rouf Library General Stacks 01/22/2018 400.00 6 297 NAY 2009 685 11/18/2021 11/11/2021 C-1 Books    
Dewey Decimal Classification V-2     JCC Rouf Library JCC Rouf Library General Stacks 04/20/2021 400.00   297 NAY 2009 761 04/20/2021   C-1 Books    
Dewey Decimal Classification V-4     JCC Rouf Library JCC Rouf Library General Stacks 06/07/2023 400.00 4 297 NAY 2009 18058 11/16/2025 11/12/2025 C-1 Books Purchase BDT
Dewey Decimal Classification V-3     JCC Rouf Library JCC Rouf Library General Stacks   350.00   297 NAY 2009 19522 05/21/2024   C-2 Books Purchase BDT
Dewey Decimal Classification V-1     JCC Rouf Library JCC Rouf Library General Stacks   400.00 1 297 NAY 2009 19335 08/31/2025 07/27/2025 C-1 Books Purchase BDT

JCC Library | Contacts | JCC Home

Last Update on 23 September 2017
Copyright @ 2017-2020 JCC Rouf Library
Rouf Library, Jhenidah Cadet College (JCC), Bangladesh